| 000 | 00505nam a2200157 i 4500 | ||
|---|---|---|---|
| 001 | 30082 | ||
| 003 | ES-MaACL | ||
| 005 | 20230906154132.0 | ||
| 007 | t| | ||
| 008 | 030123s1961 sp ||||1| spa d | ||
| 100 | 1 |
_aBarrio Gutiérrez, José. _926006 |
|
| 245 | 1 | 3 |
_aEl problema del espacio en el pensamiento científico-filosófico actual / _cJosé Barrio Gutiérrez. |
| 260 |
_aMadrid : _bFacultad de Filosofía y Letras, _c1961. |
||
| 300 |
_a43 p. ; _c18 cm. |
||
| 852 |
_aES-MaACL _j2025-F-27 _bR.48940 |
||
| 999 |
_c30082 _d30082 |
||